| 000 | 01421cam a22004094i 4500 | ||
|---|---|---|---|
| 003 | PE-LiUPU | ||
| 005 | 20250731173141.0 | ||
| 008 | 150623s r 000 0 d | ||
| 035 | _a(Sirsi) a27377 | ||
| 040 |
_aPE-LiUPU _bspa _cPE-LiUPU _erda |
||
| 082 | 0 | 4 |
_a232.954 _bE14 _221 |
| 100 | 1 |
_aEckenroth, Melvin K., _eautor. |
|
| 245 | 1 | 0 |
_aLife and teachings of Jesus / _cMelvin K. Eckenroth. |
| 264 | 1 |
_aWashington, DC : _bMelvin K. Eckenroth, _c1964. |
|
| 300 |
_ap. varia ; _c28 cm. |
||
| 336 |
_atext _2rdacontent |
||
| 337 |
_aunmediated _2rdamedia |
||
| 338 |
_avolume _2rdacarrier |
||
| 505 | 0 | _aDefinition of synoptics. The naming and brief background of "gospels". (a) Matthew. (b) Mark. (c) Luke. (d). John. | |
| 526 | _aSEG42 | ||
| 526 | _aSEG41 | ||
| 526 | _aSEG40 | ||
| 526 | _aSEG39 | ||
| 526 | _aP94 | ||
| 526 | _aP87 | ||
| 526 | _aP86 | ||
| 526 | _aP85 | ||
| 526 | _aP77 | ||
| 526 | _aP76 | ||
| 526 | _aP35 | ||
| 600 | 1 |
_aJesucristo _xEnseñanza (Sílabo) |
|
| 942 |
_2ddc _cBOOK |
||
| 949 |
_a232.954 E14 _wDEWEY _c1 _i52658 _lCCODEBUL1 _mBUL _p08.00 _r0 _sY _tBOOK _u2015-06-24 _xTEOLOGIA _PP35 _0COMPRA _o.STAFF. Colección General |
||
| 596 | _a1 | ||
| 999 |
_a232.954 E14 _wDEWEY _c34510 _i52658 _f2021-11-10 _g6 _lCCODEBUL1 _mBUL _p8.00 _r0 _sY _tBOOK _u2015-6-24 _xTEOLOGIA _PP35 _0COMPRA _o.STAFF. Colección General _d34510 |
||
| 980 |
_81 _gALBERTO SANCHEZ Responsable de Automatización |
||